The Umbrella Academy Quiz - Statistics

General Stats
  • This quiz has been taken 3,133 times
  • The average score is 12 of 15
Answer Stats
Hint Answer % Correct
Number Two Diego
95%
Number Six Ben
94%
Number Four Klaus
94%
Number Five Five
93%
Number One Luther
93%
Number Seven Vanya
93%
The Child Who Everyone Thinks Has No Powers Vanya
93%
Number Three Allison
92%
The Siblings Last Name Hargreeves
85%
The Ape Pogo
75%
The Female Assasian Cha Cha
74%
The Male Assasian Hazel
70%
Their Fathers Name Reginald
70%
Their Mothers Name Grace
64%
How Many Women Gave Birth On The First Monday In October In 1989 43
62%
No matching quizzes found
Score Distribution
Percent of People with Each Score
Percentile by Number Answered
Your Score History
You have not taken this quiz